[Event "Euskadi-ch"]
[Site "Getxo"]
[Date "2022.04.21"]
[Round "4.5"]
[White "Caballero Acosta, Erlantz"]
[Black "Moreno Estebanez, Patxi"]
[Result "1/2-1/2"]
[WhiteElo "1732"]
[BlackElo "2213"]
[PlyCount "66"]
[EventDate "2022.04.19"]
[EventType "swiss"]
[EventRounds "5"]
[EventCountry "ESP"]
[SourceTitle "EXT 2024"]
[Source "ChessBase"]
[SourceDate "2023.10.10"]
[SourceVersion "1"]
[SourceVersionDate "2023.10.10"]
[SourceQuality "1"]

1. Nf3 g6 2. d4 Nf6 3. c3 Bg7 4. g3 0-0 5. Bg2 d6 6. 0-0 Nbd7 7. Bg5 h6 8. Bxf6 Nxf6 9. Nbd2 d5 10. Re1 c6 11. e4 dxe4 12. Nxe4 Nxe4 13. Rxe4 Bf5 14. Re3 Bf6 15. Ne5 h5 16. Be4 Bxe4 17. Rxe4 Qd5 18. Qe2 Rad8 19. Nd3 Kg7 20. Nf4 Qf5 21. Re1 Rd7 22. Nd3 Rd6 23. Nc5 b6 24. Rf4 Qh3 25. Ne4 Re6 26. Qd2 Rd8 27. Re3 c5 28. Ref3 g5 29. Rxf6 exf6 30. Nxg5 Qg4 31. Nxe6+ fxe6 32. Qf4 Qxf4 33. Rxf4 c4 1/2-1/2

[Event "Euskadi-ch"]
[Site "Getxo"]
[Date "2022.04.20"]
[Round "3.2"]
[White "Moreno Estebanez, Patxi"]
[Black "Huerga Leache, Mikel"]
[Result "0-1"]
[WhiteElo "2213"]
[BlackElo "2471"]
[PlyCount "56"]
[EventDate "2022.04.19"]
[EventType "swiss"]
[EventRounds "5"]
[EventCountry "ESP"]
[SourceTitle "EXT 2024"]
[Source "ChessBase"]
[SourceDate "2023.10.10"]
[SourceVersion "1"]
[SourceVersionDate "2023.10.10"]
[SourceQuality "1"]

1. e4 e6 2. Qe2 c5 3. Nf3 Nc6 4. g3 g6 5. Bg2 Bg7 6. 0-0 Nge7 7. c3 0-0 8. d3 h6 9. Re1 d5 10. Nbd2 Qc7 11. h4 b6 12. e5 f6 13. exf6 Rxf6 14. Nf1 Rf7 15. Ne3 e5 16. Nh2 Be6 17. Neg4 Nf5 18. Nf3 Nxg3 19. Nxh6+ Bxh6 20. fxg3 Bxc1 21. Raxc1 Bg4 22. Qe3 Bxf3 23. Bxf3 e4 24. Bg2 Ne5 25. dxe4 Ng4 26. Qd3 c4 27. Qxd5 Qxg3 28. Qxa8+ Kg7 0-1

[Event "FISU World University"]
[Site "Tornelo INT"]
[Date "2020.10.26"]
[Round "2.20"]
[White "Voloshinsky, Liubomir"]
[Black "Moreno Estebanez, Patxi"]
[Result "1/2-1/2"]
[WhiteElo "2118"]
[BlackElo "2226"]
[PlyCount "82"]
[EventDate "2020.10.26"]
[EventType "team-swiss (rapid)"]
[EventRounds "9"]
[EventCountry "NET"]
[SourceTitle "CBM 199 Extra"]
[Source "ChessBase"]
[SourceDate "2021.01.31"]
[SourceVersion "1"]
[SourceVersionDate "2021.01.31"]
[SourceQuality "1"]
[WhiteTeam "Ukraine II"]
[BlackTeam "Spain III"]
[WhiteTeamCountry "UKR"]
[BlackTeamCountry "ESP"]

1. e4 c5 2. Nf3 Nc6 3. d4 cxd4 4. Nxd4 g6 5. Nc3 Bg7 6. Be3 Nf6 7. Bc4 0-0 8. Bb3 Re8 9. f3 e6 10. Qd2 d5 11. exd5 Nxd5 12. Nxd5 exd5 13. 0-0-0 Na5 14. h4 Nxb3+ 15. axb3 a5 16. h5 a4 17. hxg6 hxg6 18. Kb1 a3 19. Bh6 Bf6 20. bxa3 Rxa3 21. Qb4 Ra6 22. Bc1 Be6 23. Bb2 Qa8 24. Qd2 Bg7 25. Qf4 Ra2 26. Qh4 Rxb2+ 27. Kxb2 b5 28. b4 Qc8 29. c3 Qc4 30. Qh7+ Kf8 31. Rh4 Bg4 32. Rxg4 Re2+ 33. Nxe2 Qxe2+ 34. Kc1 Qe3+ 35. Kb1 Qxc3 36. Qxg7+ Kxg7 37. Rgd4 Qb3+ 38. Kc1 Qc3+ 39. Kb1 Qb3+ 40. Kc1 Qc3+ 41. Kb1 Qb3+ 1/2-1/2

[Event "ESP-ch U18"]
[Site "Salobrena"]
[Date "2019.07.27"]
[Round "9"]
[White "Alvarez Alonso, Alberto"]
[Black "Moreno Estebanez, Patxi"]
[Result "1/2-1/2"]
[WhiteElo "1986"]
[BlackElo "2151"]
[PlyCount "59"]
[EventDate "2019.07.22"]
[EventType "swiss"]
[EventRounds "9"]
[EventCountry "ESP"]
[SourceTitle "CBM 191 Extra"]
[Source "ChessBase"]
[SourceDate "2019.09.30"]
[SourceVersion "1"]
[SourceVersionDate "2019.09.30"]
[SourceQuality "1"]

1. e4 c5 2. Nf3 g6 3. d4 cxd4 4. Nxd4 Bg7 5. c4 Nc6 6. Be3 Nf6 7. Nc3 0-0 8. Be2 d6 9. 0-0 Bd7 10. Qd2 Nxd4 11. Bxd4 Bc6 12. Bd3 a5 13. Rfe1 Nd7 14. Bxg7 Kxg7 15. Re3 Nf6 16. Kh1 Qb6 17. Nd5 Bxd5 18. exd5 Rfe8 19. Qe2 Rac8 20. h3 Rc7 21. Re1 Qd4 22. a4 Qc5 23. b3 b6 24. Qb2 Kg8 25. R1e2 Ra7 26. g4 Qc7 27. Kg2 Qd8 28. Qd4 Nd7 29. f4 Nc5 30. Bc2 1/2-1/2

[Event "ESP-ch U18"]
[Site "Salobrena"]
[Date "2019.07.26"]
[Round "8"]
[White "Moreno Estebanez, Patxi"]
[Black "Arjona Casado, Abel"]
[Result "1/2-1/2"]
[WhiteElo "2151"]
[BlackElo "2047"]
[PlyCount "60"]
[EventDate "2019.07.22"]
[EventType "swiss"]
[EventRounds "9"]
[EventCountry "ESP"]
[SourceTitle "CBM 191 Extra"]
[Source "ChessBase"]
[SourceDate "2019.09.30"]
[SourceVersion "1"]
[SourceVersionDate "2019.09.30"]
[SourceQuality "1"]

1. d4 d5 2. Bg5 h6 3. Bh4 g5 4. Bg3 Bg7 5. Nf3 Bf5 6. e3 e6 7. c4 c6 8. Nc3 Ne7 9. Bd3 Bxd3 10. Qxd3 Nd7 11. 0-0 Ng6 12. cxd5 exd5 13. Bd6 Nf6 14. Ba3 Bf8 15. Bxf8 Kxf8 16. b4 a6 17. a4 Kg7 18. b5 axb5 19. axb5 Qe7 20. Nd2 Ra3 21. Qc2 Rha8 22. Rxa3 Qxa3 23. Rb1 c5 24. dxc5 Qxc5 25. Nb3 Qc4 26. Qb2 Ne5 27. Nd4 Nd3 28. Qb3 Qxb3 29. Nxb3 Rc8 30. Nd1 Ne4 1/2-1/2

[Event "ESP-ch U18"]
[Site "Salobrena"]
[Date "2019.07.26"]
[Round "7"]
[White "Rodriguez Redondo, Adhara"]
[Black "Moreno Estebanez, Patxi"]
[Result "1/2-1/2"]
[WhiteElo "1945"]
[BlackElo "2151"]
[PlyCount "61"]
[EventDate "2019.07.22"]
[EventType "swiss"]
[EventRounds "9"]
[EventCountry "ESP"]
[SourceTitle "CBM 191 Extra"]
[Source "ChessBase"]
[SourceDate "2019.09.30"]
[SourceVersion "1"]
[SourceVersionDate "2019.09.30"]
[SourceQuality "1"]

1. e4 c5 2. Nf3 Nc6 3. d4 cxd4 4. Nxd4 g6 5. c4 Bg7 6. Be3 Nf6 7. Nc3 0-0 8. Be2 b6 9. 0-0 Bb7 10. f3 e6 11. Ndb5 d5 12. cxd5 exd5 13. exd5 Nb4 14. d6 Nfd5 15. Nxd5 Nxd5 16. Bd4 Qg5 17. Rf2 Bxd4 18. Qxd4 Nf4 19. Nc7 Rac8 20. Kh1 Rfd8 21. Qb4 Qe5 22. Bf1 Qxd6 23. Qxd6 Rxd6 24. Nb5 Rdc6 25. Nc3 a6 26. g3 Ne6 27. Rd1 b5 28. Kg2 Kf8 29. a3 R6c7 30. Rfd2 h6 31. Be2 1/2-1/2

[Event "ESP-ch U18"]
[Site "Salobrena"]
[Date "2019.07.23"]
[Round "3"]
[White "Callejas Rojas, Francisco Miguel"]
[Black "Moreno Estebanez, Patxi"]
[Result "1-0"]
[WhiteElo "2280"]
[BlackElo "2151"]
[PlyCount "141"]
[EventDate "2019.07.22"]
[EventType "swiss"]
[EventRounds "9"]
[EventCountry "ESP"]
[SourceTitle "CBM 191 Extra"]
[Source "ChessBase"]
[SourceDate "2019.09.30"]
[SourceVersion "1"]
[SourceVersionDate "2019.09.30"]
[SourceQuality "1"]

1. d4 Nf6 2. c4 g6 3. Nc3 Bg7 4. e4 d6 5. h3 0-0 6. Bg5 c5 7. d5 e6 8. Bd3 exd5 9. exd5 Re8+ 10. Nge2 a6 11. a4 Nbd7 12. f4 Qa5 13. 0-0 h6 14. Bh4 Nh7 15. g4 Ndf6 16. Kh2 Bxg4 17. hxg4 Nxg4+ 18. Kh1 Ne3 19. Qd2 Nxf1 20. Rxf1 Qc7 21. f5 g5 22. Bg3 Nf6 23. Bf2 Re7 24. Ng3 Rae8 25. Qc2 Re5 26. Nce4 Qe7 27. Nxf6+ Bxf6 28. Qd1 Bg7 29. f6 Bxf6 30. Nf5 Rxf5 31. Bxf5 Qe2 32. Qxe2 Rxe2 33. Bg3 Be5 34. Re1 Rxe1+ 35. Bxe1 b6 36. a5 bxa5 37. b3 Kg7 38. Bxa5 Kf6 39. Bc8 Bd4 40. Be1 a5 41. Kg2 h5 42. Kf3 Be5 43. Ke4 g4 44. Bh4+ Kg6 45. Bf5+ Kg7 46. Bd8 f6 47. Bxa5 g3 48. Bh3 Kg6 49. Bd2 h4 50. Bf5+ Kh5 51. Kf3 Bd4 52. Kg2 Be5 53. Kh3 Bd4 54. Be4 Be5 55. Bf3+ Kg6 56. Kxh4 Kf5 57. Kh3 Kg6 58. Be1 Kg5 59. Bxg3 Kf5 60. Kg2 Kg5 61. Kf2 Kf5 62. Bxe5 Kxe5 63. Ke3 f5 64. Kd3 Kf4 65. Bd1 Ke5 66. Kc3 Ke4 67. Bc2+ Ke5 68. Bd1 Ke4 69. b4 cxb4+ 70. Kxb4 Kd4 71. Kb5 1-0

[Event "ESP-ch U18"]
[Site "Salobrena"]
[Date "2019.07.22"]
[Round "2"]
[White "Moreno Estebanez, Patxi"]
[Black "Gil Ojeda, Jorge"]
[Result "1-0"]
[WhiteElo "2151"]
[BlackElo "1922"]
[PlyCount "123"]
[EventDate "2019.07.22"]
[EventType "swiss"]
[EventRounds "9"]
[EventCountry "ESP"]
[SourceTitle "CBM 191 Extra"]
[Source "ChessBase"]
[SourceDate "2019.09.30"]
[SourceVersion "1"]
[SourceVersionDate "2019.09.30"]
[SourceQuality "1"]

1. e4 c5 2. Nf3 d6 3. d4 cxd4 4. Qxd4 Nc6 5. Bb5 Bd7 6. Bxc6 Bxc6 7. Nc3 Nf6 8. Bg5 e6 9. 0-0-0 Be7 10. Rhe1 0-0 11. Kb1 Qa5 12. Qd2 Kh8 13. Nd4 Rfd8 14. f3 Rab8 15. g4 Be8 16. h4 b5 17. Be3 Rdc8 18. Rh1 Nd7 19. Nb3 Qc7 20. f4 Nb6 21. Bxb6 axb6 22. g5 Ra8 23. Ne2 b4 24. Ned4 Ba4 25. Rh3 Qc4 26. h5 Bd7 27. Rg3 Qa6 28. Nc1 e5 29. Nf5 Bxf5 30. exf5 Qc4 31. fxe5 dxe5 32. Re1 Ra5 33. f6 gxf6 34. g6 Qh4 35. Reg1 fxg6 36. hxg6 Rd8 37. Qg2 h6 38. Rh3 Qf4 39. Qb7 Re8 40. Qd7 Raa8 41. g7+ Kh7 42. g8Q+ Rxg8 43. Qxe7+ Kh8 44. Rgh1 Rg6 45. Rh4 Qg5 46. Qxb4 Rb8 47. Qd6 Rb7 48. Rc4 Rbg7 49. a4 Qg2 50. Rd1 Qb7 51. Rb4 e4 52. Rxb6 Qa7 53. Rb8+ Kh7 54. Qd8 Rg2 55. Qh8+ Kg6 56. Qe8+ Kg5 57. Qxe4 Qf2 58. Rb5+ f5 59. Rxf5+ Qxf5 60. Qxg2+ Kf6 61. Qc6+ Kf7 62. Qd7+ 1-0

[Event "ESP-ch U18"]
[Site "Salobrena"]
[Date "2019.07.22"]
[Round "1"]
[White "Sargsian, Anna"]
[Black "Moreno Estebanez, Patxi"]
[Result "0-1"]
[WhiteElo "1735"]
[BlackElo "2151"]
[PlyCount "70"]
[EventDate "2019.07.22"]
[EventType "swiss"]
[EventRounds "9"]
[EventCountry "ESP"]
[SourceTitle "CBM 191 Extra"]
[Source "ChessBase"]
[SourceDate "2019.09.30"]
[SourceVersion "1"]
[SourceVersionDate "2019.09.30"]
[SourceQuality "1"]

1. c4 e5 2. Nc3 Nf6 3. Nf3 d6 4. g3 g6 5. Bg2 Bg7 6. d3 0-0 7. 0-0 Nc6 8. a3 Re8 9. Bg5 h6 10. Bxf6 Bxf6 11. Rb1 a5 12. b4 axb4 13. axb4 Bg7 14. b5 Ne7 15. Nd2 e4 16. Qb3 e3 17. fxe3 Nf5 18. Bd5 Qg5 19. Nde4 Qxe3+ 20. Kh1 Re7 21. Rbc1 Nd4 22. Qd1 c6 23. bxc6 bxc6 24. Nxd6 cxd5 25. Nxd5 Qxe2 26. Nxe7+ Qxe7 27. Nxc8 Rxc8 28. Qg4 f5 29. Qxg6 Qb7+ 30. Kg1 Ne2+ 31. Kf2 Nxc1 32. Rxc1 Kh8 33. Rf1 Bd4+ 34. Ke2 Qg2+ 35. Ke1 Bc3+ 0-1

[Event "Euskadi-ch U18"]
[Site "Eibar"]
[Date "2019.04.27"]
[Round "7"]
[White "Pereira Lopez, Aketza"]
[Black "Moreno Estebanez, Patxi"]
[Result "0-1"]
[WhiteElo "1810"]
[BlackElo "2153"]
[PlyCount "66"]
[EventDate "2019.04.23"]
[EventType "swiss"]
[EventRounds "7"]
[EventCountry "ESP"]
[SourceTitle "EXT 2020"]
[Source "ChessBase"]
[SourceDate "2019.10.17"]
[SourceVersion "1"]
[SourceVersionDate "2019.10.17"]
[SourceQuality "1"]

1. e4 c5 2. Nc3 Nc6 3. g3 g6 4. Bg2 Bg7 5. d3 d6 6. Nge2 Rb8 7. a4 e6 8. 0-0 Nge7 9. Bg5 a6 10. Qd2 0-0 11. Nd1 b5 12. axb5 axb5 13. Bh6 Nd4 14. Bxg7 Kxg7 15. Ne3 Bb7 16. Nf4 e5 17. Nh3 d5 18. Ng4 Ng8 19. Nxe5 dxe4 20. dxe4 Re8 21. Nd3 c4 22. Ne1 Bxe4 23. Bxe4 Rxe4 24. Kh1 Re2 25. Qf4 Qd5+ 26. f3 Nc6 27. Nf2 Rbe8 28. Ne4 Qh5 29. Rf2 Rxf2 30. Nxf2 Re2 31. Ng4 f5 32. Ra7+ Nge7 33. Ra8 Qh3 0-1

[Event "Euskadi-ch U18"]
[Site "Eibar"]
[Date "2019.04.26"]
[Round "6"]
[White "Moreno Estebanez, Patxi"]
[Black "Malon Insausti, Andres"]
[Result "1-0"]
[WhiteElo "2153"]
[BlackElo "1854"]
[PlyCount "85"]
[EventDate "2019.04.23"]
[EventType "swiss"]
[EventRounds "7"]
[EventCountry "ESP"]
[SourceTitle "EXT 2020"]
[Source "ChessBase"]
[SourceDate "2019.10.17"]
[SourceVersion "1"]
[SourceVersionDate "2019.10.17"]
[SourceQuality "1"]

1. Nf3 d5 2. b3 Bg4 3. Bb2 Nd7 4. e3 Ngf6 5. Be2 Bxf3 6. Bxf3 e5 7. d3 e4 8. Be2 Bd6 9. Nd2 exd3 10. cxd3 0-0 11. 0-0 Re8 12. Nf3 Ne5 13. h3 c6 14. Qc2 Rc8 15. Bc3 Nxf3+ 16. Bxf3 Be5 17. Bxe5 Rxe5 18. d4 Rg5 19. b4 Qd7 20. Kh1 Ne8 21. Bg4 f5 22. Be2 Nd6 23. a4 Rf8 24. b5 f4 25. bxc6 bxc6 26. exf4 Rxf4 27. Rac1 Rh4 28. Qd3 Ne4 29. Rb1 Qc8 30. Rb3 Qf8 31. Qe3 Rf5 32. Kg1 Ng5 33. Bg4 Ne4 34. Rfb1 Qf6 35. Rb8+ Kf7 36. R1b7+ Kg6 37. Bxf5+ Qxf5 38. Rc7 Qf6 39. Rbc8 Nd6 40. Rxc6 Kf7 41. Rxd6 Qxd6 42. Qe8+ Kf6 43. Rc6 1-0

[Event "San Sebastian op 41st"]
[Site "San Sebastian"]
[Date "2018.03.29"]
[Round "7"]
[White "Moreno Estebanez, Patxi"]
[Black "Cinza Lopez, Javier"]
[Result "1-0"]
[WhiteElo "2190"]
[BlackElo "1976"]
[PlyCount "131"]
[EventDate "2018.03.24"]
[EventType "swiss"]
[EventRounds "9"]
[EventCountry "ESP"]
[SourceTitle "CBM 183 Extra"]
[Source "ChessBase"]
[SourceDate "2018.04.19"]
[SourceVersion "1"]
[SourceVersionDate "2018.04.19"]
[SourceQuality "1"]

1. d4 d5 2. Bg5 Bf5 3. e3 Nd7 4. c4 c6 5. Nf3 Ngf6 6. Nc3 e6 7. Be2 Be7 8. 0-0 h6 9. Bf4 Nh5 10. c5 Nxf4 11. exf4 0-0 12. Bd3 Bg4 13. h3 Bxf3 14. Qxf3 b6 15. b4 bxc5 16. bxc5 Rb8 17. Rab1 Qa5 18. Bc2 Bf6 19. Qd3 g6 20. Ne2 Rxb1 21. Rxb1 Rb8 22. Bb3 Rb4 23. g3 Nb8 24. h4 h5 25. Kg2 Kf8 26. f3 Ke7 27. g4 Qb5 28. Qe3 Qb7 29. f5 gxf5 30. gxf5 Qc8 31. a3 Rb7 32. Nf4 Na6 33. fxe6 fxe6 34. Re1 Nc7 35. Ba4 Qg8+ 36. Kh3 Qh7 37. Re2 Qf5+ 38. Kg3 Rb8 39. Bc2 Bxh4+ 40. Kxh4 Qf6+ 41. Kh3 Rg8 42. Qe5 Qxe5 43. Rxe5 Rb8 44. Bf5 Rb3 45. Nxe6 Rxf3+ 46. Kg2 Rxf5 47. Nxc7+ Rxe5 48. dxe5 d4 49. Kf3 h4 50. Na6 d3 51. Nb4 d2 52. Ke2 h3 53. Nd3 h2 54. Nf2 Ke6 55. Kxd2 Kd5 56. Ke3 Kxe5 57. Ng4+ Kd5 58. Nxh2 Kxc5 59. Kd3 Kb5 60. Kc3 Ka4 61. Kb2 c5 62. Ng4 c4 63. Ne3 c3+ 64. Ka2 a5 65. Nc2 Kb5 66. Kb3 1-0

[Event "San Sebastian op 41st"]
[Site "San Sebastian"]
[Date "2018.03.28"]
[Round "6"]
[White "Sielecki, Christof"]
[Black "Moreno Estebanez, Patxi"]
[Result "1-0"]
[WhiteElo "2435"]
[BlackElo "2190"]
[PlyCount "81"]
[EventDate "2018.03.24"]
[EventType "swiss"]
[EventRounds "9"]
[EventCountry "ESP"]
[SourceTitle "CBM 183 Extra"]
[Source "ChessBase"]
[SourceDate "2018.04.19"]
[SourceVersion "1"]
[SourceVersionDate "2018.04.19"]
[SourceQuality "1"]

1. e4 c5 2. Nf3 g6 3. c4 Bg7 4. d4 cxd4 5. Nxd4 Nc6 6. Be3 Nf6 7. Nc3 0-0 8. Be2 d6 9. 0-0 Bd7 10. Nc2 a5 11. f4 a4 12. c5 a3 13. Nxa3 Ng4 14. Bxg4 Bxg4 15. Qxg4 Bxc3 16. Nc4 Bg7 17. Rfd1 Ra4 18. Qe2 Qa8 19. cxd6 exd6 20. a3 Qa6 21. Rac1 Bxb2 22. Qxb2 Rxc4 23. f5 Ne5 24. Bh6 Rfc8 25. Rxc4 Qxc4 26. Qd4 Qxd4+ 27. Rxd4 Ng4 28. Bf4 Rc3 29. h3 Ne5 30. Rxd6 Nc6 31. f6 Rxa3 32. e5 Ra8 33. e6 fxe6 34. Rd7 Rf8 35. Rg7+ Kh8 36. Rxb7 Rxf6 37. Bh6 Kg8 38. Rg7+ Kf8 39. Rc7+ Ke8 40. Rxc6 Kd7 41. Ra6 1-0

[Event "San Sebastian op 40th"]
[Site "San Sebastian"]
[Date "2017.04.09"]
[Round "2"]
[White "Moreno Estebanez, Patxi"]
[Black "Narciso Dublan, Marc"]
[Result "0-1"]
[WhiteElo "2028"]
[BlackElo "2508"]
[PlyCount "64"]
[EventDate "2017.04.08"]
[EventType "swiss"]
[EventRounds "9"]
[EventCountry "ESP"]
[SourceTitle "CBM 177 Extra"]
[Source "ChessBase"]
[SourceDate "2017.04.27"]
[SourceVersion "1"]
[SourceVersionDate "2017.04.27"]
[SourceQuality "1"]

1. e4 e6 2. d4 d5 3. Nd2 c5 4. exd5 Qxd5 5. dxc5 Qxc5 6. Ngf3 Nf6 7. Bd3 Nbd7 8. 0-0 Qc7 9. Qe2 Be7 10. Nb3 0-0 11. Bg5 b6 12. Rfe1 Bb7 13. c3 Rfe8 14. Rad1 Rad8 15. Nbd4 Nc5 16. Bb5 Rf8 17. Ne5 Nce4 18. Bxf6 Bxf6 19. Nec6 Bxd4 20. Nxd4 Nf6 21. Qe5 Qc8 22. Qe2 Rd5 23. Bd3 Rfd8 24. Nf3 g6 25. Bc2 Kg7 26. Rxd5 Bxd5 27. Rd1 Bxa2 28. Rxd8 Qxd8 29. Qa6 Bd5 30. Nd4 e5 31. Nb5 Be4 32. Na3 Bxc2 0-1

[Event "Gipuzkoa-ch Primera"]
[Site "Bergara"]
[Date "2016.11.26"]
[Round "7"]
[White "Fernandez Zubitur, Jokin"]
[Black "Moreno Estebanez, Patxi"]
[Result "1/2-1/2"]
[WhiteElo "2003"]
[BlackElo "1986"]
[PlyCount "52"]
[EventDate "2016.10.15"]
[EventType "swiss"]
[EventRounds "7"]
[EventCountry "ESP"]
[SourceTitle "EXT 2024"]
[Source "ChessBase"]
[SourceDate "2023.10.10"]
[SourceVersion "1"]
[SourceVersionDate "2023.10.10"]
[SourceQuality "1"]

1. e4 c5 2. b3 d6 3. Bb2 Nc6 4. Bb5 e5 5. Nf3 Nf6 6. Qe2 Be7 7. c3 0-0 8. d4 cxd4 9. cxd4 exd4 10. 0-0 Bg4 11. Bxc6 bxc6 12. Bxd4 Re8 13. Nbd2 d5 14. e5 Nd7 15. h3 Bf5 16. g4 Be6 17. Rfd1 f6 18. Qa6 fxe5 19. Nxe5 Nxe5 20. Bxe5 Qb6 21. Qd3 Bc5 22. Bg3 Rf8 23. Nf3 Bf7 24. Ne5 Be6 25. Qc2 Bd4 26. Rac1 Bxe5 1/2-1/2

[Event "Gipuzkoa-ch Primera"]
[Site "Bergara"]
[Date "2016.11.12"]
[Round "5"]
[White "Izagirre Alsua, Aritz"]
[Black "Moreno Estebanez, Patxi"]
[Result "0-1"]
[WhiteElo "1926"]
[BlackElo "1986"]
[PlyCount "80"]
[EventDate "2016.10.15"]
[EventType "swiss"]
[EventRounds "7"]
[EventCountry "ESP"]
[SourceTitle "EXT 2024"]
[Source "ChessBase"]
[SourceDate "2023.10.10"]
[SourceVersion "1"]
[SourceVersionDate "2023.10.10"]
[SourceQuality "1"]

1. e4 c5 2. Nc3 Nc6 3. g3 g6 4. Bg2 Bg7 5. d3 d6 6. Be3 Rb8 7. Qd2 e6 8. f4 Nge7 9. Nf3 0-0 10. 0-0 Nd4 11. Nd1 b5 12. c3 Nxf3+ 13. Bxf3 b4 14. d4 bxc3 15. bxc3 Ba6 16. Re1 cxd4 17. cxd4 Nc6 18. Nf2 Na5 19. Be2 Bc4 20. Rec1 d5 21. e5 Re8 22. Rab1 Rxb1 23. Rxb1 Bxe2 24. Qxe2 Nc4 25. Bd2 Qc7 26. Bb4 Rb8 27. Rb3 a5 28. Bc5 Bf8 29. Bxf8 Kxf8 30. Nd3 a4 31. Rxb8+ Qxb8 32. Qc2 a3 33. Kf2 Qb6 34. Nc5 Qb2 35. Qe2 Qxd4+ 36. Kg2 Qxc5 37. Kh3 d4 38. Qg4 Ne3 39. Qh4 Qd5 40. Qh6+ Kg8 0-1

[Event "ESP-ch U14"]
[Site "Granada"]
[Date "2016.07.11"]
[Round "2"]
[White "Gil Ojeda, Jorge"]
[Black "Moreno Estebanez, Patxi"]
[Result "1-0"]
[WhiteElo "1719"]
[BlackElo "1964"]
[PlyCount "119"]
[EventDate "2016.07.11"]
[EventType "swiss"]
[EventRounds "9"]
[EventCountry "ESP"]
[SourceTitle "EXT 2024"]
[Source "ChessBase"]
[SourceDate "2023.10.10"]
[SourceVersion "1"]
[SourceVersionDate "2023.10.10"]
[SourceQuality "1"]

1. e4 Nf6 2. Nc3 d6 3. d4 g6 4. Nf3 Bg7 5. Be2 0-0 6. 0-0 c5 7. h3 cxd4 8. Nxd4 Nc6 9. Be3 d5 10. exd5 Nxd5 11. Nxd5 Qxd5 12. Bf3 Qa5 13. Nxc6 bxc6 14. c3 Rb8 15. Bc1 Rd8 16. Qc2 Ba6 17. Rd1 Rxd1+ 18. Qxd1 Rd8 19. Qb3 c5 20. Be3 Bd3 21. Bd5 e6 22. Bc4 Be4 23. Bxe6 Qc7 24. Bc4 Rb8 25. Qa3 Bf8 26. Rd1 Bd6 27. Bd5 Rd8 28. c4 Bf5 29. b3 Re8 30. Qc1 Be5 31. Qd2 Bf6 32. Bf4 Qb6 33. Be3 Qc7 34. a3 a5 35. b4 axb4 36. axb4 cxb4 37. Qxb4 Rb8 38. Qc5 Qxc5 39. Bxc5 Rc8 40. Bb6 Be7 41. Ra1 Bc5 42. Bxc5 Rxc5 43. Ra8+ Rc8 44. Rxc8+ Bxc8 45. Kf1 Kf8 46. Ke2 Ke7 47. Kd3 f6 48. Kd4 h6 49. Kc5 Kd7 50. Kb6 f5 51. c5 g5 52. Bb7 h5 53. f3 g4 54. hxg4 fxg4 55. fxg4 hxg4 56. Bxc8+ Kxc8 57. Kc6 g3 58. Kd6 Kd8 59. c6 Kc8 60. c7 1-0

[Event "ESP-ch U14"]
[Site "Granada"]
[Date "2016.07.11"]
[Round "1"]
[White "Moreno Estebanez, Patxi"]
[Black "Castilla Casanova, Victor"]
[Result "1-0"]
[WhiteElo "1964"]
[BlackElo "1479"]
[PlyCount "26"]
[EventDate "2016.07.11"]
[EventType "swiss"]
[EventRounds "9"]
[EventCountry "ESP"]
[SourceTitle "EXT 2024"]
[Source "ChessBase"]
[SourceDate "2023.10.10"]
[SourceVersion "1"]
[SourceVersionDate "2023.10.10"]
[SourceQuality "1"]

1. Nf3 Nc6 2. g3 Nb8 3. Ng1 e5 4. d3 d5 5. Bg2 f5 6. c4 Nf6 7. cxd5 Be6 8. Nc3 Qd7 9. dxe6 Qxe6 10. Nb1 Ng8 11. Bf1 Qc6 12. b3 f4 13. gxf4 g6 1-0

[Event "San Sebastian Primavera de Gros op 11th"]
[Site "San Sebastian"]
[Date "2015.06.13"]
[Round "8"]
[White "Moreno Estebanez, Patxi"]
[Black "Osa Astrain, Ricardo"]
[Result "1/2-1/2"]
[WhiteElo "1592"]
[BlackElo "1882"]
[PlyCount "81"]
[EventDate "2015.04.25"]
[EventType "swiss"]
[EventRounds "8"]
[EventCountry "ESP"]
[SourceTitle "EXT 2019"]
[Source "ChessBase"]
[SourceDate "2018.10.10"]
[SourceVersion "1"]
[SourceVersionDate "2018.10.10"]
[SourceQuality "1"]

1. e4 Nf6 2. e5 Nd5 3. d4 d6 4. c4 Nb6 5. exd6 cxd6 6. Nc3 g6 7. h3 Bg7 8. Nf3 0-0 9. Be2 Nc6 10. 0-0 Bd7 11. Re1 Rc8 12. Bf1 e5 13. Bg5 f6 14. Be3 exd4 15. Nxd4 Kh8 16. Ndb5 Ne5 17. Nxd6 Nbxc4 18. Bxc4 Nxc4 19. Nxc8 Qxc8 20. Bd4 Bc6 21. b3 Ne5 22. f4 Nf7 23. Qg4 Bd7 24. Qh4 f5 25. Bxg7+ Kxg7 26. Rac1 Qc5+ 27. Kh1 Bc6 28. Red1 Qe3 29. Re1 Qd2 30. Qg3 g5 31. Ne2 Re8 32. Qc3+ Qxc3 33. Nxc3 Rxe1+ 34. Rxe1 gxf4 35. Rf1 f3 36. gxf3 Ne5 37. Kg2 Kf6 38. b4 b5 39. Nb1 Kg5 40. Nd2 Kf4 41. Nb1 1/2-1/2

[Event "San Sebastian Primavera de Gros op 11th"]
[Site "San Sebastian"]
[Date "2015.05.23"]
[Round "5"]
[White "Moreno Estebanez, Patxi"]
[Black "Martin Iribar, Ander"]
[Result "1/2-1/2"]
[WhiteElo "1592"]
[BlackElo "1886"]
[PlyCount "65"]
[EventDate "2015.04.25"]
[EventType "swiss"]
[EventRounds "8"]
[EventCountry "ESP"]
[SourceTitle "EXT 2019"]
[Source "ChessBase"]
[SourceDate "2018.10.10"]
[SourceVersion "1"]
[SourceVersionDate "2018.10.10"]
[SourceQuality "1"]

1. e4 c5 2. Nc3 d6 3. f4 g6 4. Nf3 Bg7 5. Bc4 Nc6 6. 0-0 e6 7. d3 Nge7 8. Qe1 0-0 9. f5 gxf5 10. Qh4 fxe4 11. dxe4 Ng6 12. Qh5 Nce5 13. Nxe5 Nxe5 14. Be2 Bd7 15. Bh6 Be8 16. Bxg7 Kxg7 17. Rad1 c4 18. Kh1 f6 19. Qh3 Qe7 20. Bg4 Nxg4 21. Qxg4+ Kh8 22. Qf4 Rd8 23. Rd2 Bg6 24. Rfd1 f5 25. exf5 Rxf5 26. Qxc4 Rdf8 27. Nb5 Rf4 28. Qc3+ Kg8 29. h3 Qg5 30. Nxd6 Bh5 31. Rg1 Rf1 32. Ne4 Qb5 33. Qd3 1/2-1/2

[Event "San Sebastian Primavera de Gros op 11th"]
[Site "San Sebastian"]
[Date "2015.05.16"]
[Round "4"]
[White "Fuente San Sebastian, Ernesto"]
[Black "Moreno Estebanez, Patxi"]
[Result "0-1"]
[WhiteElo "1842"]
[BlackElo "1592"]
[PlyCount "68"]
[EventDate "2015.04.25"]
[EventType "swiss"]
[EventRounds "8"]
[EventCountry "ESP"]
[SourceTitle "EXT 2019"]
[Source "ChessBase"]
[SourceDate "2018.10.10"]
[SourceVersion "1"]
[SourceVersionDate "2018.10.10"]
[SourceQuality "1"]

1. b3 e5 2. c4 Nf6 3. Bb2 Nc6 4. e3 d6 5. d4 Qe7 6. d5 Nb8 7. Nc3 g6 8. Bd3 Bg7 9. Nge2 0-0 10. Ng3 a5 11. 0-0 h5 12. e4 h4 13. Nge2 h3 14. g3 Ng4 15. Bc1 f5 16. f3 Nh6 17. Kh1 Na6 18. Be3 Nc5 19. Bc2 g5 20. Qd2 f4 21. Bxc5 dxc5 22. g4 Ra6 23. Ng1 Nxg4 24. fxg4 Bxg4 25. Qd3 Bc8 26. Nxh3 g4 27. Ng1 Rh6 28. Rae1 Qh4 29. Re2 f3 30. Nxf3 gxf3 31. Rxf3 Rxf3 32. Qxf3 Bg4 33. Qf2 Bxe2 34. Qxe2 Qh5 0-1